00277 a2200121 4500001000700000020001800007040001100025100001800036240004500054245004000099300000700139362000900146188623 a0+19-423202-6 cMagnum aViney, Brigit10aThe history of the english languagelING10aThe history of the english language a620 a2003